000 00395nam a2200145Ia 4500
008 210210b1985 xxu||||| |||| 00| 0 eng d
082 _a509.54 SEAP
100 _aSEAL (Brajendranath).
245 _aPositive sciences of the ancient hindus.
260 _aDelhi
_bMotilal banarasidas
_c1985
300 _aviii,313
650 _aScience ancient india
690 _aPure Sciences
906 _a045945
999 _c95305
_d95305